| 000 | 00485cam a2200193ua 4500 | ||
|---|---|---|---|
| 001 | 11390 | ||
| 008 | 190917n ii |||gr||||Z||||||eng | ||
| 020 | _a9788189412779 | ||
| 040 | _cMAIN | ||
| 041 | _aeng | ||
| 082 | _a361.1 | ||
| 100 |
_aHeena Tabassum, _eAuthor. |
||
| 245 |
_aSocial problems _cBy Heena Tabassum |
||
| 250 | _a1st ed. | ||
| 260 |
_aDelhi: _bAvishkar prakashan, _c2018. |
||
| 300 | _a288p. | ||
| 653 | _aSocial problems & social welfare in general | ||
| 942 | _cBK | ||
| 999 |
_c10232 _d10232 |
||